[Event "Nittenau-ch 12th"]
[Site "Nittenau"]
[Date "2012.09.16"]
[Round "5"]
[White "Oberhofer, Cedric"]
[Black "Kanewski, Josef"]
[Result "0-1"]
[WhiteElo "1730"]
[BlackElo "2074"]
[PlyCount "66"]
[EventDate "2012.09.14"]
[EventType "swiss"]
[EventRounds "5"]
[EventCountry "GER"]
[SourceTitle "EXT 2022"]
[Source "ChessBase"]
[SourceDate "2021.10.06"]
[SourceVersion "1"]
[SourceVersionDate "2021.10.06"]
[SourceQuality "1"]

1. e4 c5 2. Nf3 Nc6 3. d4 cxd4 4. Nxd4 Nf6 5. Nc3 e5 6. Ndb5 d6 7. Bg5 a6 8. Na3 b5 9. Bxf6 gxf6 10. Nd5 f5 11. Bd3 Be6 12. Qh5 Bg7 13. 0-0 f4 14. c3 Ne7 15. Nxe7 Qxe7 16. Nc2 0-0 17. a4 Bc4 18. Qe2 d5 19. axb5 axb5 20. exd5 Bxd5 21. Bxb5 f3 22. Qd2 fxg2 23. Rfd1 Bf3 24. Be2 Be4 25. f3 Bxc2 26. Qxc2 Rxa1 27. Rxa1 Bh6 28. Kxg2 Qh4 29. Kh1 Kh8 30. Bd3 Bf4 31. Rg1 Rd8 32. Qe2 Rxd3 33. Rg4 Rd1+ 0-1

[Event "Nittenau-ch 12th"]
[Site "Nittenau"]
[Date "2012.09.15"]
[Round "2"]
[White "Kanewski, Josef"]
[Black "Oberhofer, Peter"]
[Result "1-0"]
[WhiteElo "2074"]
[BlackElo "1769"]
[PlyCount "63"]
[EventDate "2012.09.14"]
[EventType "swiss"]
[EventRounds "5"]
[EventCountry "GER"]
[SourceTitle "EXT 2022"]
[Source "ChessBase"]
[SourceDate "2021.10.06"]
[SourceVersion "1"]
[SourceVersionDate "2021.10.06"]
[SourceQuality "1"]

1. d4 Nf6 2. c4 g6 3. g3 Bg7 4. Bg2 d5 5. cxd5 Nxd5 6. Nc3 Nxc3 7. bxc3 0-0 8. e4 c5 9. Ne2 Qa5 10. 0-0 Rd8 11. Qc2 Nc6 12. d5 Ne5 13. Bg5 f6 14. Bf4 Nf7 15. Rab1 b6 16. c4 Bd7 17. Nc3 Nd6 18. Qb3 Qa6 19. Nb5 Bxb5 20. cxb5 Qc8 21. Bd2 Qd7 22. f4 Rac8 23. Bc3 Nf7 24. Qb2 e5 25. dxe6 Qxe6 26. f5 gxf5 27. Rxf5 Rd6 28. Rbf1 Ne5 29. Bxe5 fxe5 30. Qe2 Rcd8 31. Qg4 R6d7 32. Rf8+ 1-0

[Event "Nittenau-ch 12th"]
[Site "Nittenau"]
[Date "2012.09.15"]
[Round "3"]
[White "Nagy, Laura"]
[Black "Kanewski, Josef"]
[Result "1/2-1/2"]
[WhiteElo "1952"]
[BlackElo "2074"]
[PlyCount "56"]
[EventDate "2012.09.14"]
[EventType "swiss"]
[EventRounds "5"]
[EventCountry "GER"]
[SourceTitle "EXT 2022"]
[Source "ChessBase"]
[SourceDate "2021.10.06"]
[SourceVersion "1"]
[SourceVersionDate "2021.10.06"]
[SourceQuality "1"]

1. e4 c5 2. Nc3 Nc6 3. g3 g6 4. Bg2 Bg7 5. d3 e6 6. Be3 d6 7. Qd2 Nd4 8. Nd1 Rb8 9. c3 Nc6 10. Ne2 Nge7 11. Bh6 0-0 12. Bxg7 Kxg7 13. 0-0 d5 14. exd5 Nxd5 15. Ne3 Nf6 16. Rfd1 Qc7 17. d4 b6 18. Qc2 Ba6 19. d5 exd5 20. Nxd5 Nxd5 21. Bxd5 Ne7 22. Bg2 Rbd8 23. Rxd8 Rxd8 24. Rd1 Rd6 25. Rxd6 Qxd6 26. c4 Qe5 27. b3 Bc8 28. Qc3 Kf6 1/2-1/2

[Event "Regionalliga NO 1011"]
[Site "Bayern"]
[Date "2011.03.20"]
[Round "8.4"]
[White "Sejdic, Enis"]
[Black "Kanewski, Josef"]
[Result "1/2-1/2"]
[WhiteElo "2102"]
[BlackElo "2087"]
[PlyCount "78"]
[EventDate "2010.10.10"]
[EventType "team-tourn"]
[EventRounds "9"]
[EventCountry "GER"]
[SourceTitle "EXT 2012"]
[Source "ChessBase"]
[SourceDate "2011.11.24"]
[SourceVersion "1"]
[SourceVersionDate "2011.11.24"]
[SourceQuality "1"]
[WhiteTeam "Bechhofen"]
[BlackTeam "Weiden"]
[WhiteTeamCountry "GER"]
[BlackTeamCountry "GER"]

1. e4 c5 2. Nf3 Nc6 3. c3 d5 4. exd5 Qxd5 5. Be2 Nf6 6. 0-0 e6 7. d4 cxd4 8. cxd4 Be7 9. Nc3 Qd6 10. Nb5 Qd8 11. Bf4 Nd5 12. Bg3 0-0 13. a3 a6 14. Nc3 b6 15. Bd3 Bb7 16. Bc2 Rc8 17. Re1 Nxc3 18. bxc3 Na5 19. Qd3 g6 20. Ne5 Qd5 21. f3 Nc4 22. Reb1 Nxe5 23. Bxe5 Qc6 24. Rb3 b5 25. Qd1 Rfd8 26. a4 f6 27. axb5 axb5 28. Be4 Qb6 29. Bxb7 Qxb7 30. Bg3 Rc4 31. Qe2 Qc6 32. Re1 b4 33. cxb4 Bxb4 34. Qxe6+ Qxe6 35. Rxe6 Rcxd4 36. Rb1 Kf7 37. Rc6 Rd1+ 38. Rxd1 Rxd1+ 39. Kf2 Rd2+ 1/2-1/2